Famous Rodents Quiz Stats

 Plays Quiz Updated Nov 14, 2018

Support Sporcle.
Go Orange.
Score 0/24 Timer 06:00
4 Plays Today
Hint Rodent % Correct
Walt Disney's iconic rodentMickey Mouse
96.2%
One of three of the famous singing chipmunk trioAlvin, Simon or Theodore
84.7%
One is a genius and the other's insanePinky and The Brain
74.6%
Tom's nemesis (Hanna Barbera)Jerry
74.3%
Scratchy's nemesis (The Simpsons)Itchy
67.1%
Looney Tunes 'The Fastest Mouse in all Mexico'Speedy Gonzales
64.6%
Here he comes to save the day!Mighty Mouse
62.4%
Pizza restaurant/arcade animatronic mascotChuck E. Cheese
54.2%
Sightless, tail-less, farmer's wife hasseling rodentsThe Three Blind Mice
52.7%
One of SpongeBob's best friendsSandy Cheeks
52%
E. B. White's New York mouseStuart Little
44.2%
The protagonist of 'Ratatouille'Remy
32.2%
Hint Rodent % Correct
The protagonist of 'An American Tail'Fievel Mousekewitz
27.8%
The squirrel from the 'Ice Age' filmsScrat
25.8%
Muppet rat with a New Jersey accentRizzo the Rat
24.8%
The rat from 'Charlotte's Web'Templeton
17.1%
Super hero and secret agent British mouseDanger Mouse
15.3%
The Great Mouse DetectiveBasil of Baker Street
14.8%
Dumbo's friendTimothy Q. Mouse
9.1%
Rapier wielding talking rodent from NarniaReepicheep
8.1%
TV-obsessed hamster from 'Bolt'Rhino
6%
The devious blue mouse from 'CatDog'Winslow
5%
Cinderella's singing, dress-making miceJaq and Gus
3.9%
Beatrix Potter's 'terribly tidy little mouse'Thomasina Tittlemouse
1.7%

From the Vault

Holiday by Alternative Name

by Tom_the_Terrible

Holiday 5m
Just because an alternative name is a valid one does not mean your friends will know what you're talking about.
Remove Ads.
Support Sporcle.
Get the best of Sporcle when you Go Orange. This ad-free experience offers more features, more stats, and more fun while also helping to support Sporcle. Thank you for becoming a member.

Show Comments

Extras

Top Quizzes Today


Score Distribution

Your Account Isn't Verified!

In order to create a playlist on Sporcle, you need to verify the email address you used during registration. Go to your Sporcle Settings to finish the process.

Report this User

Report this user for behavior that violates our Community Guidelines.

Details: